Statystyki dla Quiz wiedzy ogólnej #4

Kliknij tutaj aby rozwiązać quiz!

Ogólne statystyki

  • Ten quiz został rozwiązany 4 319 razy
  • Średni wynik to 7 z 20

Statystyki odpowiedzi

PytanieOdpowiedź% Poprawnych
Kto zaśpiewał "Poker Face"?Lady Gaga
87%
Jaki papież zrzekł się swojego urzędu w 2013 roku?Benedykt XVI
79%
Jak nazywa się pierwsza księga Biblii?Księga {Rodzaju}
75%
W którym mieście możesz znaleźć najwyższy budynek na świecie?Dubaj
73%
Napisz poprawną pisownię stolicy IslandiiReykjavík
62%
Jaka liczba rzymska odpowiada łacińskiej 2159?MMCLIX
55%
Czym żywią się rośliny dzbaneczniki?Owadami
49%
Jakie więzienie zostało zburzone 14 lipca 1789 r.?Bastylia
32%
Kto był pierwszym rzymskim cesarzem?Oktawian August
29%
W którym kraju możesz znaleźć miasto o nazwie Haarlem?Holandia
28%
Kto jest głównym wokalistą zespołu The Rolling Stones?Mick Jagger
27%
Brytyjczycy nazywają to warzywo "courgette"Cukinia
24%
Kto zawalczył z Ivanem Drago i Clubberem Langiem?Rocky Balboa
23%
Jakie duże japońskie miasto zostało oszczędzone podczas bombardowań
w czasie II wojny światowej ze względu na swoją wartość kulturową?
Kioto
21%
Oprócz Stanów Zjednoczonych, jakie państwo wygrało największą liczbę
najważniejszych międzynarodowych konkursów piękności?
Wenezuela
21%
Ile statków zwodowała twarz Heleny Trojańskiej?Tysiąc
14%
"Waltzing Matilda" jest nieoficjalnym hymnem którego państwa?Australia
13%
Kto napisał powieść "Wielki Gatsby"?F. Scott Fitzgerald
10%
Kto jest mężem Steffi Graf?Andre Agassi
9%
Który aktor użyczył swojego basowego głosu Mufasie i Darthowi Vaderowi?
(w angielskiej wersji językowej)
James Earl Jones
7%

Rozkład punktacji

Percentyl według liczby udzielonych odpowiedzi

Procent ludzi z każdym wynikiem

Twoja historia wyników

Nie rozwiązałeś tego quizu